000 00401nam a22001577a 4500
003 OSt
005 20250811152456.0
007 290 PAGES
008 250811b |||||||| |||| 00| 0 eng d
020 _a9788126520688
040 _c
082 _a658.4063
_bMUL
245 _aDesign thinking for Dummies
_cMuller-Roterberg Christian
260 _bWiley india
_c2024
942 _2ddc
_cBK
_k658.4063
_mMUL
_n0
999 _c36237
_d36237